KOHA-Header-6

Islam & The Clash of Civilizations (Record no. 13559)

000 -LEADER
fixed length control field 00282nam a22001217a 4500
020 ## - INTERNATIONAL STANDARD BOOK NUMBER
ISBN 9789698854010
082 ## - DEWEY DECIMAL CLASSIFICATION NUMBER
Classification number 297.27
100 ## - MAIN ENTRY--AUTHOR NAME
Personal name Iqbal S. Hussain
245 ## - TITLE STATEMENT
Title Islam & The Clash of Civilizations
260 ## - PUBLICATION, DISTRIBUTION, ETC. (IMPRINT)
Place of publication Lahore
Name of publisher Meraj Printers
Year of publication 2005
300 ## - PHYSICAL DESCRIPTION
Number of Pages 379 pages
942 ## - ADDED ENTRY ELEMENTS (KOHA)
Koha item type Books
Holdings
Withdrawn status Lost status Collection code Permanent Location Current Location Shelving location Date acquired Full call number Accession Number Koha item type
    Islamic Studies MAJU MAJU Shelf No.A-9 2022-12-16 297.27 10672 Islamic Studies

Powered by Koha